000 01047nam a22003017a 4500
003 CHAP
005 20220329134921.0
008 971013s1953 r 00010 d
010 _a28041
011 _a29013
035 _a33124
040 _cCHAP
090 _aFolleto 1349
100 0 0 _aLake, Ernest H.
_964509
245 _aToxafeno para el control de garrapatas, torsalo, piojo
260 _aTegucigalpa :
_bServicio Técnico Interamericano de Cooperación Agrícola,
_c1953
300 _a6 p.
_b: ilus.
490 _aServicio Técnico Interamericano de Cooperación Agrícola. Circular
_v; 9
590 _aBATCH-UPD
_b10
_c20130110
_lUCH01
_h1630
590 _aBATCH-UPD
_b10
_c20130410
_lUCH01
_h1023
590 _aBATCH-UPD
_b10
_c20130914
_lUCH01
_h1645
590 _aCONVERSION
_b10
_c20130109
_lUCH01
_h1316
650 1 4 _aInsecticidas.
_958855
830 0 _aServicio Técnico Interamericano de Cooperación Agrícola. Circular
_v; 9
_9105324
901 _aBK
942 _cFOLL
949 _aFolleto 1349
_bBC
_cFOLL
_d-77002
_eTS1
_i33124
_si
999 _c28041
_d28041